[Event "Udine Oro Caffe op 1st"]
[Site "Udine"]
[Date "2008.07.10"]
[Round "6"]
[White "Gabassi, Cristina"]
[Black "Cisilino, Oscar"]
[Result "1-0"]
[WhiteElo "1530"]
[BlackElo "1727"]
[PlyCount "87"]
[EventDate "2008.07.05"]
[EventType "swiss"]
[EventRounds "6"]
[EventCountry "ITA"]
[SourceTitle "EXT 2010"]
[Source "ChessBase"]
[SourceDate "2010.11.25"]
[SourceVersion "1"]
[SourceVersionDate "2010.11.25"]
[SourceQuality "1"]

1. e4 d5 2. exd5 Qxd5 3. Nc3 Qa5 4. d4 c6 5. Bd2 Qc7 6. Bc4 Nf6 7. Nge2 Bg4 8. Bf4 Qxf4 9. Nxf4 Bxd1 10. Rxd1 e6 11. 0-0 Bd6 12. Nh3 h6 13. f3 Nbd7 14. Ne4 Bc7 15. Rfe1 0-0 16. Nhf2 Nd5 17. Nd3 a5 18. Bxd5 cxd5 19. Nec5 Nxc5 20. Nxc5 b5 21. Nd3 Rac8 22. Rd2 Rfe8 23. a3 Bb6 24. c3 a4 25. Rde2 Re7 26. f4 g6 27. g4 Rce8 28. Nb4 Bd8 29. Nc6 Rc7 30. Nxd8 Rxd8 31. f5 gxf5 32. gxf5 Re7 33. fxe6 f6 34. Kf2 Rd6 35. Kf3 Kh7 36. Kf4 Rd8 37. Rg2 Rf8 38. Kf5 Rg7 39. Rxg7+ Kxg7 40. e7 Re8 41. Ke6 f5 42. Rg1+ Kh7 43. Kd7 Rb8 44. e8Q 1-0